000
00304nam a22001337a 4500
008
181018b xxu||||| |||| 00| 0 eng d
020
_a
1056787
041
_a
eng
080
_2
7th
_a
371
100
_a
46
101
_a
EDU
245
_a
MLA Handbook for Writers of Research Paper
_c
MLA
942
_2
udc
_c
BK
999
_c
50151
_d
50151